| 000 | 00976nam2a22002531 4500 | ||
|---|---|---|---|
| 001 | v19\rc\1775348 | ||
| 005 | 20250619072045.0 | ||
| 035 | _a(NLR Aleph) 004871359 | ||
| 090 |
_a5098570 _c5098570 |
||
| 100 | _a20061204d1905 |||y0rusy50 ca | ||
| 101 | 0 | _arus | |
| 102 | _aRU | ||
| 105 | _ay z ||||| | ||
| 200 | 0 | _a№ 3 | |
| 210 |
_d1905 _aБ. м. |
||
| 215 | _a24 с. | ||
| 461 | 0 |
_1001v19\rc\1775347 _12001#$aКаталог антикварных книг книжной торговли И.И. Базлова$eС.-Петербург ...$v№ 3 _95098565 _aБазлов, И.И., кн. маг. (Петербург) _cСанкт-Петербург _d1905 _oС.-Петербург ... _tКаталог антикварных книг книжной торговли И.И. Базлова _v№ 3 |
|
| 801 | 0 |
_aRU _bNLR _gpsbo |
|
| 801 | 0 |
_aRU _bRuMoRGB _2psbo |
|
| 801 | 1 |
_aRU _bProSoft-M _2rusmarc |
|
| 852 |
_aNLR _j671/Б-17 |
||
| 899 |
_aRuMoRGB _jГр |
||
| 942 | _cBOOK | ||
| 980 | _aNB | ||